00389nam a2200157Ia 4500001000500000005001700005008004100022041000800063082001500071100002400086245006700110260000900177300002900186650000800215654000800223834420260306160602.0260306t2007||||xx |||||||||||||| ||spa|| aESP a370.3bT26 aTenutto, MartaeAUT 0aEscuela para maestros:benciclopedia de pedagogía práctica c2007 a1024 páginas :c28 cm. aGEN aCED